000 00814nam a2200205Ia 4500
008 0000001990 sp a 0000000000spa00
090 _aPSP00 A41a
100 1 _aAlbacete, Alfonso
_d1950
245 1 0 _aAlfonso Albacete
_b: pinturas 19901991
_c/ fotografas Melli Pèrez Madero
300 _a36 p.
_c/ 34 cm.
500 _aExposición realizada en la Galeria Nieves Fernández, Madrid, Mayo Junio, 1991 \ Con el patronazgo del maestro venezolano Jesús Rafael Soto (q.e.p.d.)
600 0 0 _aALBACETE, ALFONSO, 1950/
_xTRABAJOS PICTORICOS
650 1 4 _aARTE CONTEMPORANEO ESPAÑOL
650 1 4 _xCATALOGOS
650 1 4 _xEXPOSICIONES
650 1 4 _aPINTORES ESPAÑOLES
650 1 4 _aPINTURA ESPAÑOLA
700 1 _aPérez Madero, Melli
999 _c4923
_d4923
260 _aMadrid : Galería Nieves Fernández
_c1990